00488nam a2200169Ia 450000500170000000800410001702000150005808200130007310000170008624500310010326000330013430000130016750000190018094200060019995200980020599900150030320250411023753.0240331s9999 xx 000 0 und d a9552085632 bSUDa891 aSuddhahami,A 0aKuweniya nam wuu yak landa aColombobGodage & Sonsc2006 a148 p ., aStory of Guwni cL 001040708LaWERCLbWERCLcSSCd2024-03-31l0o 891.48 SUDp6334r2024-03-31w2024-03-31yL c5329d5329